| 000 | 00606nam a2200193Ia 4500 | ||
|---|---|---|---|
| 008 | 240729s9999 xx 000 0 und d | ||
| 022 | _a2476-3934 | ||
| 245 | 0 | _aJournal of Preventive Epidemiology | |
| 260 | _aIran, Islamic Republic of | ||
| 260 | _bSociety of Diabetic Nephropathy Prevention | ||
| 650 | _a Infectious and parasitic diseases | ||
| 650 | _a Internal medicine | ||
| 650 | _a Internal medicine | ||
| 650 | _a Specialties of internal medicine | Medicine | ||
| 650 | _aMedicine | ||
| 856 | _uhttps://doaj.org/toc/f125d34a4c274af6a8118df162c9187d | ||
| 942 | _2ddc | ||
| 942 | _cDOAJEJ | ||
| 999 |
_c70481 _d70481 |
||
| 945 |
_a1 _bMadushi Gamage _c1 _dMadushi Gamage |
||